Регионална библиотека "Любен Каравелов" - Русе

За рода и родовите връзки на Елиас Канети (Запис номер 507287)

MARC детайли
000 -Лидер
Лидер 01288aaa a2200277 a 4500
003 - Код на организацията, давaща контролен номер
Код на организацията, даваща контролен номер BLK
005 - Дата и час на последна редакция
Дата и час на последна редакция 20240327160617.0
007 - Фиксирано поле за физическо описани
Физическо описание ta
008 - Елементи от данни с фиксирана дължина
Елементи с фиксирана дължина 221104b bu |||||r|||| 00| | bu d
040 ## - Източник на каталожния запис
Код на библиотеката BLK
041 ## - Код за език
Език Български
Език за КДБФ Български
080 ## - УДК
УДК текст Австрийска литература
УДК код 821.112.2(436)
УДК – определител .09(092)
УДК – код + определител 821.112.2(436).09(092)
080 ## - УДК
УДК текст Австрийски писател. Носител на Нобелова награда за литература
УДК код 929 Канети, Елиас
УДК – код + определител 929 Канети, Елиас
100 ## - Редна дума - Автор
R(LIN) 427848
Автор Израел, Салватор
245 ## - Сведения за заглавието
Заглавие За рода и родовите връзки на Елиас Канети
Авторска отговорност Салватор Израел
300 ## - Физическа характеристика
Брой страници № 24, 24 дек. 1981.
520 ## - Забележка за наличие на резюме, анотация и т.н
Анотация, рецензия Сведения за Елиас Канети
600 #0 - Име на лице, използвано като предмет
9 (RLIN) 367554
За него / За нея Канети, Елиас
653 ## - Ключова дума – ненормативна
9 (RLIN) 195878
Ключови думи русенци
653 ## - Ключова дума – ненормативна
9 (RLIN) 180316
Ключови думи австрийски писатели
653 ## - Ключова дума – ненормативна
9 (RLIN) 192360
Ключови думи нобелови лауреати
773 0# - Описание на основна библиографска единица при аналитични записи (многотомни)
Заглавие на източника ЕВРЕЙСКИ ВЕСТИ
Контролен номер на записа 291977
Международен стандартен номер на серията ISSN 0205-0919
Място на издаване, издател и година Орг. на евреите в България Шалом 1951
Информация за връзката . //
856 ## - Електронен адрес и достъп
Инструкция (цена за достъп) 0.00
Права за достъп disable
942 ## - АРТИКУЛИ
Източник на класификационната схема Universal Decimal Classification
Вид на библиотечния документ Статия
Скрит в OPAC Не
944 ## - СЪЗДАВАНЕ И РЕДАКЦИЯ на ЗАПИСА
Дата на регистрацията/редакция Христина Везирева
Служител, извършил регистрацията/редакцията 30535
Номер на служител Христина Везирева
Създаване/Редакция
999 ## - СИСТЕМНИ КОНТРОЛНИ НОМЕРА
Koha biblionumber 507287
Koha biblioitemnumber 507287

Няма налични копия.

Vip Innovations Ltd, Rousse, Bulgaria 2025